Countries of Austria-Hungary - Statistics

General Stats
  • This quiz has been taken 196 times
  • The average score is 12 of 13
Answer Stats
Answer % Correct
Austria
99%
Hungary
97%
Croatia
96%
Slovakia
95%
Bosnia and Herzegovina
94%
Czech Republic
94%
Italy
94%
Romania
94%
Serbia
94%
Slovenia
93%
Poland
92%
Ukraine
84%
Montenegro
79%
No matching quizzes found
Score Distribution
Percent of People with Each Score
Percentile by Number Answered
Your Score History
You have not taken this quiz